000 00351nam a22001457a 4500
020 _a81-7301-620-8
082 _a823
_bPRA/B
100 _aPRAKASH, VED
245 _aBULLY
_bCHARACTOR - BUILDING STORIES FOR CHILDREN
260 _aDELHI
_bDREAMLAND
300 _a24
520 _aENGLISH SHORT STORY
650 _aENGLISH SHORT STORY
_zUK
942 _cBK
999 _c5014
_d5014